| 000 | 00902nam a22002777i 4500 | ||
|---|---|---|---|
| 003 | EG-ScBUE | ||
| 005 | 20230527100434.0 | ||
| 008 | 200219s2003 enka f b 001 0 eng d | ||
| 020 | _a9780750658515 | ||
| 020 | _a0750658517 | ||
| 040 |
_aEG-ScBUE _beng _erda _cEG-ScBUE _dEG-ScBUE |
||
| 082 | 0 | 4 |
_222 _a721.01 _bBRA |
| 100 | 1 |
_aBrawne, Michael, _eauthor. |
|
| 245 | 1 | 0 |
_aArchitectural thought : _bthe design process and the expectant eye / _cMichael Brawne. |
| 264 | 1 |
_aOxford : _bArchitectural Press, _c2003. |
|
| 300 |
_a190 pages : _billustrations ; _c24 cm |
||
| 336 |
_2rdacontent _atext _btxt |
||
| 337 |
_2rdamedia _aunmediated _bn |
||
| 338 |
_2rdacarrier _avolume _bnc |
||
| 504 | _aIncludes bibliographical references and index. | ||
| 650 | 7 |
_aArchitectural design. _2BUEsh |
|
| 650 | 7 |
_aArchitecture Philosophy. _2BUEsh |
|
| 653 | _bENGARC | ||
| 655 | _vReading book | ||
| 942 |
_2ddc _cBB |
||
| 999 |
_c29943 _d29914 |
||